000 01622nam a2200385 a 4500
001 ebr10468037
003 CaPaEBR
006 m u
007 cr cn|||||||||
008 071018s2008 nyua sb 001 0 eng d
010 _z 2007043283
020 _z9780801446610 (cloth : alk. paper)
020 _z0801446619 (cloth : alk. paper)
020 _z9780801460838 (e-book)
040 _aCaPaEBR
_cCaPaEBR
035 _a(OCoLC)732957124
043 _ae-uk---
050 1 4 _aPR468.P36
_bM55 2008eb
082 0 4 _a820.9/384
_222
100 1 _aMiller, Andrew H.,
_d1964-
245 1 4 _aThe burdens of perfection
_h[electronic resource] :
_bon ethics and reading in nineteenth-century British literature /
_cAndrew H. Miller.
260 _aIthaca :
_bCornell University Press,
_c2008.
300 _axiv, 260 p. :
_bill.
504 _aIncludes bibliographical references and index.
533 _aElectronic reproduction.
_bPalo Alto, Calif. :
_cebrary,
_d2013.
_nAvailable via World Wide Web.
_nAccess may be limited to ebrary affiliated libraries.
650 0 _aEnglish literature
_y19th century
_xHistory and criticism.
650 0 _aDidactic literature, English
_xHistory and criticism.
650 0 _aPerfection in literature.
650 0 _aEthics in literature.
650 0 _aLiterature and morals.
650 0 _aBooks and reading
_xMoral and ethical aspects
_zGreat Britain
_xHistory
_y19th century.
655 7 _aElectronic books.
_2local
710 2 _aebrary, Inc.
856 4 0 _uhttp://site.ebrary.com/lib/rucke/Doc?id=10468037
_zAn electronic book accessible through the World Wide Web; click to view
999 _c242539
_d242539